000 00406nam a2200169Ia 4500
005 20250423095549.0
008 250422s9999 xx 000 0 und d
020 _a9781444146608
050 _aP 147 .H35/
100 _aHalliday, M.A.K.
245 0 _aHalliday’s introduction to fundamental grammar
260 _aNew York
260 _bRoutledge
260 _c2014
300 _a786 p
942 _cBK
999 _c30656
_d30656